| 000 | 00993cam a22003375b 4500 | ||
|---|---|---|---|
| 001 | 04174 | ||
| 003 | DO-SdBNP | ||
| 005 | 20180213093842.0 | ||
| 007 | 04174 | ||
| 008 | 941024s1993 sp | |||| ||spa | ||
| 016 | 7 |
_a _2BPMSU |
|
| 017 |
_a _b |
||
| 020 | _a8434837706 | ||
| 035 | _a | ||
| 040 |
_aBPMSU _bspa _cBPMSU _e |
||
| 041 | 1 |
_aspa _h |
|
| 080 | 0 | _a | |
| 100 | 1 |
_aCortizas, Antón _d1954- |
|
| 240 | 1 | 2 |
_aO lapis de Rosalia _lEspañol |
| 245 | 1 | 3 |
_aEl lápiz de Rosalía / _cAntón Cortizas ; ilustraciones de Margarita Menéndez ; traducción del gallego, Manuel Barbadillo _h |
| 250 | _a2ª ed. | ||
| 260 |
_aMadrid : _bSM, _c1993 |
||
| 300 |
_a62 p.: _bil. ; _c19 cm |
||
| 490 | 1 |
_aEl barco de vapor. ; _aSerie blanca _v48 |
|
| 700 | 1 | 1 | _aMenéndez, Margarita |
| 700 | 1 | 1 |
_aBarbadillo, Manuel _d1928-2007 |
| 830 | 3 |
_aEl barco de vapor.; _pSerie blanca _v48 |
|
| 942 |
_2ddc _cBK |
||
| 945 | _aInventariado, 2018 / BT | ||
| 956 |
_a VMATEO _b10 _c20161123 _dBPMSU _f0069 |
||
| 999 |
_c12041 _d12041 |
||